[Event "Padova Fornace op 4th"]
[Site "Padova"]
[Date "2001.12.16"]
[Round "2.31"]
[White "Fragni, Enrico"]
[Black "Baracchi, Leonardo"]
[Result "0-1"]
[WhiteElo "1528"]
[BlackElo "1497"]
[PlyCount "69"]
[EventDate "2001.12.15"]
[EventType "swiss"]
[EventRounds "6"]
[EventCountry "ITA"]
[SourceTitle "EXT 2024"]
[Source "ChessBase"]
[SourceDate "2023.10.10"]
[SourceVersion "1"]
[SourceVersionDate "2023.10.10"]
[SourceQuality "1"]

1. d4 d5 2. f3 Bf5 3. Be3 Nf6 4. Bf2 Nbd7 5. e3 e6 6. Ne2 c5 7. c3 Qb6 8. Qd2 Rc8 9. Ng3 Bg6 10. Be2 cxd4 11. exd4 Be7 12. 0-0 Qc7 13. Be3 Bd6 14. f4 h5 15. h3 h4 16. Nh1 Ne4 17. Qe1 Bf5 18. Nd2 Ndf6 19. Rf3 Nh5 20. Nxe4 Bxe4 21. Rf1 Nxf4 22. Bf3 Nd3 23. g3 Nxe1 24. Raxe1 hxg3 25. Bxe4 dxe4 26. Kg2 f5 27. Bg5 f4 28. Rxe4 Qc6 29. Rfe1 Kd7 30. h4 Rhf8 31. Kh3 Rce8 32. R4e2 f3 33. Rd2 f2 34. Nxf2 gxf2 35. Rf1 0-1

[Event "Padova op-B 3rd"]
[Site "Padova"]
[Date "2000.12.09"]
[Round "4.22"]
[White "Goi, Veronika"]
[Black "Baracchi, Leonardo"]
[Result "1/2-1/2"]
[WhiteElo "1633"]
[BlackElo "1500"]
[PlyCount "76"]
[EventDate "2000.12.02"]
[EventType "swiss"]
[EventRounds "6"]
[EventCountry "ITA"]
[SourceTitle "EXT 2024"]
[Source "ChessBase"]
[SourceDate "2023.10.10"]
[SourceVersion "1"]
[SourceVersionDate "2023.10.10"]
[SourceQuality "1"]

1. d4 d5 2. Bf4 Nf6 3. Nd2 Bf5 4. Ngf3 c5 5. e3 Bg4 6. Be2 Nc6 7. c3 cxd4 8. exd4 e6 9. Qb3 Qc8 10. Bb5 a6 11. Bd3 Be7 12. Rc1 b5 13. Ne5 Nxe5 14. Bxe5 0-0 15. 0-0 Nd7 16. Bg3 Bg5 17. Qc2 g6 18. f4 Bf6 19. Nf3 Bxf3 20. Rxf3 Nb6 21. Bf2 Qb7 22. h4 Bg7 23. g4 Nc4 24. Kg2 Nd6 25. Re1 Rae8 26. Bg3 f5 27. g5 Ne4 28. Rh1 Kf7 29. h5 Rh8 30. h6 Bf8 31. a3 Rc8 32. Qe2 Rc6 33. Ra1 Be7 34. Rff1 Rb8 35. Rfc1 Rbc8 36. Be1 Bd6 37. Kf3 Ke7 38. Qd1 Kf7 1/2-1/2